Normal view
MARC view
Entry Personal Name
001 - CONTROL NUMBER
- control field: 18728
003 - CONTROL NUMBER IDENTIFIER
- control field: OSt
005 - DATE AND TIME OF LATEST TRANSACTION
- control field: 20240715134121.0
008 - FIXED-LENGTH DATA ELEMENTS
- fixed length control field: 240715|| aca||aabn | a|a d
040 ## - CATALOGING SOURCE
- Original cataloging agency: OSt
- Transcribing agency: OSt
100 ## - HEADING--PERSONAL NAME
- Personal name: Turnbull, J. W.
- Fuller form of name: (John W.)
670 ## - SOURCE DATA FOUND
- Source citation: Work cat.: (OSt)9184: Evans, Julian, 1946- 18725, Plantation forestry in the tropics :, 2004.
